Εκπαιδευτικές εφαρμογές τέχνης και πολιτισμικής κληρονομιάς : αξιολόγηση εργασιών ως εκπαιδευτικά εγχειρίδια

Αποθηκεύτηκε σε:
Λεπτομέρειες βιβλιογραφικής εγγραφής
Κύριος συγγραφέας: Καμπουροπούλου, Μαίρη
Άλλοι συγγραφείς: Ευσταθίου, Ιωάννα, Στέφος, Ευστάθιος
Μορφή: Βιβλίο
Γλώσσα:Greek
Δημοσίευση: Ζεφύρι Ατικής : Διάδραση, 2014
Θέματα:
Ετικέτες: Προσθήκη ετικέτας
Δεν υπάρχουν, Καταχωρήστε ετικέτα πρώτοι!

MARC

LEADER 00000nam a2200000 i 4500
001 1/63325
008 150114s2014 gre d
020 |a 978-618-5059-18-7 
035 |l 10120393 
040 |a GR-MY-UA  |b gre  |e aacr 
041 0 |a gre 
082 0 |a 372.5  |2 (23) 
100 0 |a Καμπουροπούλου, Μαίρη. 
245 1 0 |a Εκπαιδευτικές εφαρμογές τέχνης και πολιτισμικής κληρονομιάς :  |b αξιολόγηση εργασιών ως εκπαιδευτικά εγχειρίδια /  |c Καμουροπούλου-Σαββαϊδου Μαρία, Ευσταθίου Ιωάννα, Στέφος Ευστάθιος 
260 |a Ζεφύρι Ατικής :   |b Διάδραση,   |c 2014 
300 |a 464 σ.;  |b εικ., φωτ., πίν.;  |c 25 εκ. 
504 |a Βιβλιογραφία: σ. 431-437 
650 0 0 |a Art  |x Study and teaching. 
650 0 0 |a Design  |x Study and teaching. 
650 0 0 |a Drawing  |x Study and teaching. 
700 1 |a Ευσταθίου, Ιωάννα. 
700 1 |a Στέφος, Ευστάθιος. 
852 |a INST  |b LESVOS  |c EUDOXUS  |e 20161215  |h 372.5 ΚΑΜ  |p 005100058646  |q 005100058646  |t EDX  |y 0 
852 |a INST  |b RHODES  |c EUDOXUS  |e 20150114  |h 372.5 ΚΑΜ  |p 005400037425  |q 005400037425  |t EDX  |y 0 
852 |a INST  |b RHODES  |c EUDOXUS  |e 20150324  |h 372.5 ΚΑΜ  |p 005400037663  |q 005400037663  |t EDX  |y 0 
901 |a BIBL4-2015-1 
901 |a BIBL4-2015-1 
909 |a Ρ  |b 183745 
909 |a Ρ  |b 183980 
920 |a ΕΥΔΟΞΟΣ  |b ΠΑΡΑΓΓΕΛΙΑ  |y ΡΟΔΟΣ-ΠΤΔΕ  |z 2014-12 
920 |a ΕΥΔΟΞΟΣ  |b ΕΠΙΣΤΡΟΦΗ  |y ΡΟΔΟΣ  |z 2015-03 
920 |a Εύδοξος  |b Επιστροφή  |y Λέσβος  |z 2016-12 
922 |a 4ΕΛΗ 
970 |z 2015/01/14